Elements of X-Ray Diffraction 3rd (Record no. 565938)
[ view plain ]
| 000 -LEADER | |
|---|---|
| fixed length control field | 00369nam a2200133Ia 4500 |
| 008 - FIXED-LENGTH DATA ELEMENTS--GENERAL INFORMATION | |
| fixed length control field | 210430s9999 xx 000 0 und d |
| 082 ## - DEWEY DECIMAL CLASSIFICATION NUMBER | |
| Classification number | 548.83 C9671 E |
| 100 ## - MAIN ENTRY--PERSONAL NAME | |
| Personal name | B.D.Cullity &S.R.St |
| 9 (RLIN) | 53140 |
| 245 ## - TITLE STATEMENT | |
| Title | Elements of X-Ray Diffraction 3rd |
| Statement of responsibility, etc. | B.D.Cullity &S.R.St |
| 250 ## - EDITION STATEMENT | |
| Edition statement | 3rd |
| 260 ## - PUBLICATION, DISTRIBUTION, ETC. | |
| Place of publication, distribution, etc. | New Jersey |
| Name of publisher, distributor, etc. | Prentice -Hall |
| Date of publication, distribution, etc. | 2001 |
| 300 ## - PHYSICAL DESCRIPTION | |
| Extent | 664p |
| 942 ## - ADDED ENTRY ELEMENTS (KOHA) | |
| Koha item type | Book |
| Source of classification or shelving scheme | |
| Withdrawn status | Lost status | Damaged status | Not for loan | Permanent Location | Current Location | Shelving location | Date acquired | Total Checkouts | Full call number | Barcode | Date last seen | Price effective from | Koha item type |
|---|---|---|---|---|---|---|---|---|---|---|---|---|---|
| School of Chemical & Materials Engineering (SCME) | School of Chemical & Materials Engineering (SCME) | Book Cart | 04/18/2012 | 548.83 C9671 E | SCME- D179 | 04/30/2021 | 04/30/2021 | Book |
